00578 2200217 4500001002100000005001500021035002000036007000300056008004100059020002200100082001100122084001700133100001300150245004300163260004100206300003600247650001700283990002000300990002000320990002000340INLIS00000000127056920240201025214 a0010-0124000028ta240201 g 0 ind  a978-602-72076-3-9 a621.43 a621.43 BUN p0 aBuntarto1 apintar servis mesin diesel /cBuntarto aYogyakarta :bPUSTAKABARUPRES,c2023 a[vi] 138 hlm. :bilus. ;c23 cm 4amesin diesel a00071/PMDM/2023 a00072/PMDM/2023 a00073/PMDM/2023